000 00275nam a22001217a 4500
003 OSt
008 240807b |||||||| |||| 00| 0 eng d
100 _aSingh Jitendra Kumar
245 _aMota anaz sehat ka khazana
260 _apusa
_c2020
300 _a176
942 _2ddc
_cDB
999 _c43642
_d43642